Quizzes
Events
Quiz Creation
Community
Videos
Private Events
Remove Ads
Sign In
Join for FREE
Feedback
Dark Mode
Quiz Categories
Sports
Geography
Music
Movies
Television
Just For Fun
Miscellaneous
History
Literature
Language
Science
Gaming
Entertainment
Religion
Holiday
For Kids
Quiz Lab
Recent
Popular Today
Quiz Kudos Today
Editor Picks
Curator Picks
Quizzes by...
Day
Popularity
Type
Ratings
Length
Year
Community
Subscriptions
Recent Discussions
Orange Saloon
Badges
Playlists
Quests
Create
Leaderboards
Showdown
Live 5
Trivia Bingo
Activity
Puzzle Library
Sporcle Events
Private Events
Virtual Trivia
Globe League
Become a Host
Pub Owners
SporcleCon
Opinionation
Our Games
Videos
Blog
Mobile Apps
Partnerships
Remove Ads and Go Orange
Feedback
Television
TV Characters
TV Show
Sitcom
Network
Friends
Reality Shows
Cast
South Park
Star Trek
The Simpsons
Doctor Who
Television
TV Characters
TV Show
Sitcom
Network
Friends
Reality Shows
Cast
South Park
Star Trek
The Simpsons
Doctor Who
Random Quiz
Search Sporcle
×
Quiz Lab
Quiz Lab
Television
Blitz
Type in answers that appear in a list
Type in answers that appear in a list
Classic
Best Score? Go Orange.
Fill in the Blank: Simpsons Characters (Hard) Stats
Can you name the missing word from characters from 'The Simpsons' in one minute?
By
RCHPfan96
2m
20 Questions
272 Plays
272 Plays
272 Plays
Comments
Comments
Give Quiz Kudos
Give Quiz Kudos
-
- Ratings
hide this ad
More Info
Replay
Link that replays current quiz
Next Quiz
Link to next quiz in quiz playlist
You Got
0%
They Got
Avg Score
75%
Avg Friend Score
Upgrade to see
Score Distribution
Jump to the score distribution portion of the page
Score
0/20
Timer
02:00
0
Plays Today
Clue
Missing Word
% Correct
Milhouse _
_
_
_
Houten
Van
95.9%
_
_
_
_
Krabappel
Edna
95.9%
Seymour _
_
_
_
Skinner
95.6%
Abraham _
_
_
_
Simpson
94.4%
Maude _
_
_
_
Flanders
94.4%
Kent _
_
_
_
Brockman
93.7%
Patty _
_
_
_
Bouvier
89.6%
Helen _
_
_
_
Lovejoy
89.3%
Rainier _
_
_
_
Wolfcastle
86.7%
_
_
_
_
Smithers
Waylon
84.1%
Clue
Missing Word
% Correct
_
_
_
_
Leonard
Lenny
80.7%
_
_
_
_
Montgomery Burns (Full first name)
Charles
80.4%
_
_
_
_
Ziff
Artie
80.4%
Drederick _
_
_
_
Tatum
74.4%
_
_
_
_
Mann
Otto
64.4%
_
_
_
_
Chalmers
Gary
52.6%
Cecil _
_
_
_
Terwilliger
47.8%
Sarah _
_
_
_
Wiggum
47.4%
Bernice _
_
_
_
Hibbert
32.6%
John _
_
_
_
Frink
31.5%
Quiz Playlist
Details
Report
Send in Message
Add To Playlist
More Info:
Fill in the missing words from each character's name. Careful, you only have two minutes!
Classic:
Type in answers that appear in a list
Last Updated: Feb 16, 2017
Quiz Scoreboard
CHALLENGE
Sign Up to Join the Scoreboard
Show All
Scores
Hide
Comments
May contain spoilers
Recently Published
NBA Finals Game Top Scorers (2010s)
by flibbidy
Sports
5m
Guess the 'R' Things in 3 Words
by MSUKent
Miscellaneous
3m
Actor to Badly Drawn Movie III
by MoMosMoProblems
Movies
5m
More to Explore
Quiz From the Vault
Featured Blog Post
Where Does Lost Luggage Go?
hide this ad
You Might Also Like...
Tags
Blitz Quiz
The Simpsons Quiz
fill-in-the-blank
hard
Today's Top Quizzes in Television
Browse Television
hide this ad
Today's Top Quizzes in Blitz
Browse Blitz
Top Contributed Quizzes in Television
1
Hidden Simpsons Character
2
First Name TV: Leading Men
3
Hidden Simpsons Character II
4
Hidden Simpsons Character III
5
First Name TV: Leading Women Drama
6
Hidden Simpsons Character IV
7
Hidden Simpsons Character V
8
Hidden Simpsons Character VI
9
Hidden Simpsons Character VII
10
Hidden Simpsons Character VIII
Explore More
Trending Topics
Crossword
Kpop
NBA
Anime
Disney
Harry Potter
Marvel
The Office
WWE
Puzzle
Song
Pokémon
NFL
Country
Soccer
hide this ad
More By:
RCHPfan96
Quiz
Plays
Rating
Category
Featured
Created
60 Second Blitz: Bands by Members
58,968
4.22
Music
Jun 7, 2010
Which Album Came First?
11,306
2.24
Music
Mar 21, 2010
Well-Known Bands, Unknown Songs (Clips)
1,354
3.46
Music
Feb 26, 2011
Simpsons Characters (Video Quiz)
1,123
3.27
Television
Jan 22, 2010
Sports Team by Anagram
797
4.43
Sports
Feb 7, 2010
Go to Creator's Profile
Score Distribution
Quiz Creator Spotlight
RCHPfan96
Follow
Send a Message
Quizzes Created
-
Created Quiz Play Count
-
More By This Creator
Popular Quizzes Today
1
Find the US States - No Outlines Minefield
2
Find the US States
3
The Countries of the World
4
10 Largest US States in Order
5
Find the Countries of Europe - No Outlines Minefield
6
US States
7
Guess the 'R' Things in 3 Words
8
NBA Finals Game Top Scorers (2010s)
More Television Quizzes
TV Show Word Quadrants II
Published
Trending Quizzes
First Name TV: Leading Men
First Name TV: Leading Women Drama
Match the Book to the Film II
3-Word Movies in 1 Word II
Match the Book to the Film VI
Recently Updated
Women's Final Four Teams by Year
bhenderson79
Presidents Quartet II
eogle
Anything But Clue(do)
eogle
Anything But Oceanian Capitals
eogle
Anything But 7
eogle
Anything But Thing
eogle
Word Ladder: February 29
pecheneg
Song Title Questions
pecheneg
Women's NCAA Tournament #1 Seeds
pecheneg
Celebrity Mug Shots
pecheneg
Trending Topics
Harry Potter
Crossword
Disney
Kpop
Marvel
NBA
Anime
Pokémon
Soccer
NFL
WWE
Puzzle
Country
Song
The Office
Your Account Isn't Verified!
In order to create a playlist on Sporcle, you need to verify the email address you used during registration. Go to your
Sporcle Settings
to finish the process.
Report this User
Report this user for behavior that violates our
Community Guidelines
.
Details:
Send Report
Go to the Sporcle.com Mobile Site →
Comments